| 000 | 01121nam a22002657a 4500 | ||
|---|---|---|---|
| 999 |
_c4415 _d4415 |
||
| 003 | AR-CdUCM | ||
| 008 | 190308b ||||| |||| 00| 0 spa d | ||
| 040 |
_aMUNICIPALIDAD PROVINCIAL DEL CUSCO _cBIBLIOTECA MUNICIPAL DEL CUSCO |
||
| 082 |
_a869.569 / _bC 1 |
||
| 110 |
_aColoquio Internacional sobre Cesar Vallejo _913917 |
||
| 245 |
_aCaminando con César Vallejo : _bActas del Coloquio Internacional sobre César Vallejo / |
||
| 260 |
_aLima : _bEditorial Perla-Perú : _c1988. |
||
| 300 |
_a306 paginas ; _c20 cm. |
||
| 505 | _aContenido :Juntos alrededor de Vallejo -- El sentimiento americano en el teatro de Cesar Vallejo -- Cesar Vallejo paradigma del siglo xx -- La prosa de Cesar Vallejo en la historia cultural -- Ya que de vallejismos se trata ... | ||
| 650 |
_aLiteratura peruana _9169 |
||
| 650 |
_aHistorietas _910786 |
||
| 650 |
_aCuentos peruanos _97 |
||
| 700 |
_aArmijo, Roberto _913918 |
||
| 700 |
_aBelaunde Moreyra, António _913919 |
||
| 700 |
_aBocaz, Luis _913920 |
||
| 700 |
_aCoyné, André _912520 |
||
| 700 |
_aDelgado Washington y otros _913921 |
||
| 942 |
_2ddc _cLIBROS |
||
| 945 | _arum | ||